000 00795nam a2200253Ia 4500
003 GCL
008 140319s9999 xx 000 0 ara d
040 _aGCL /
_cGCL
082 0 4 _a709.03
_bم ف
100 1 _aمحمد صدقى الجباخنجى
245 1 0 _aفنون التصوير المعاصرة /
_cمحمد صدقى الجباخنجى
260 _a[S.N] :
_bوزارة الثقافة والارشاد القومى ،
_c1961
300 _a143 ص
490 _aالمكتبة الثقافية
_v0
650 0 4 _aالفن
650 0 4 _aالرمزية
650 0 4 _aالفن الحديث
650 0 4 _aالتذوق الفنى
650 0 4 _aالتعبيرية
650 0 4 _aالتكعيبية
650 0 4 _aالتصوير
650 0 4 _aالسيريالية
942 _2ddc
_cBK
999 _c36388
_d36388